00655nam a2200169 a 450000100100000000500170001000800410002704000250006808200150009310000330010824501140014126000540025530000210030970000250033095201130035599900170046800003718820200930080209.0120229s1955 mx 000 0 spa d aDO-SdBNPbspacBNPHU axxxxbE61h1 aEntwistle, William J.96359810aHistoria de la literatura inglesa de los orígenes de la actualidad. /cWilliam J. Entwistle ; Eric Gillett. aMéxico, :bFondo de cultura económica,c1955. a408 p. ;c17 cm.1 aGillett, Eric963599 001050718MOaGRbGRcCTd2012-02-29iLF1l0oxxxx E61hp37188-10r2020-06-25w2020-06-25y1ZNo se presta c36678d36678